| 000 | 01235cam a22002774a 4500 | ||
|---|---|---|---|
| 001 | 12789495 | ||
| 005 | 20250124121345.0 | ||
| 008 | 020528s2003 maua b 001 0 eng | ||
| 020 | _a0072554436 (acidfree paper) | ||
| 050 | 0 | 0 |
_aHM1091 _b.U53 2003 |
| 082 | 0 | 0 |
_a303.3/85 _221 |
| 245 | 0 | 0 |
_aUnderstanding prejudice and discrimination / _cedited by Scott Plous. |
| 260 |
_aBoston : _bMcGraw-Hill, _cc2003. |
||
| 300 |
_axiii, 609 p. : _bill. ; _c23 cm. |
||
| 500 | _aA compilation of readings from a broad range of scholarly disciplines, most edited, adapted, or revised for this anthology and several never published before. | ||
| 500 | _aThe text is supported by a variety of instructional materials, including a web site offering interactive exercises and demonstrations, streaming video clips, and other resources. | ||
| 650 | 0 | _aPrejudices. | |
| 650 | 0 | _aRacism. | |
| 650 | 0 | _aDiscrimination. | |
| 650 | 0 | _aStereotypes (Social psychology) | |
| 650 | 0 |
_aToleration _xStudy and teaching. |
|
| 700 | 1 | _aPlous, Scott. | |
| 856 | 4 | 1 |
_3Table of contents _uhttp://www.loc.gov/catdir/toc/mh031/2002071946.html |
| 856 | 4 | 2 |
_3Publisher description _uhttp://www.loc.gov/catdir/description/mh024/2002071946.html |
| 942 |
_2lcc _cBK _n0 |
||
| 999 |
_c2999 _d2999 |
||